Trends, networks, and critical thinking in the 21st century : K to 12 senior high school humanities and social sciences / Ethel D. Magalona, M.A., Erin Renee Magalona, Aisa P. Arlos, Ed.D. (Record no. 21338)

000 -LEADER
fixed length control field 00945nam a22002417a 4500
020 ## - INTERNATIONAL STANDARD BOOK NUMBER
ISBN 9786214062775
082 ## - DEWEY DECIMAL CLASSIFICATION NUMBER
Classification number 303.4
Item number M188 2022
100 ## - MAIN ENTRY--AUTHOR NAME
Personal name Magalona, Ethel D., author.
245 ## - TITLE STATEMENT
Title Trends, networks, and critical thinking in the 21st century : K to 12 senior high school humanities and social sciences / Ethel D. Magalona, M.A., Erin Renee Magalona, Aisa P. Arlos, Ed.D.
250 ## - EDITION STATEMENT
Edition statement Revised edition.
260 ## - PUBLICATION, DISTRIBUTION, ETC. (IMPRINT)
Place of publication Manila :
Name of publisher Mindshapers Co., Inc.,
Year of publication ©2022.
300 ## - PHYSICAL DESCRIPTION
Number of Pages xvii, 132 pages :
Other physical details illustrations ; 25 cm
500 ## - GENERAL NOTE
General note Includes bibliographical references.
650 ## - SUBJECT ADDED ENTRY--TOPICAL TERM
Topical Term Social change – 21st century.
650 ## - SUBJECT ADDED ENTRY--TOPICAL TERM
Topical Term Social networks.
650 ## - SUBJECT ADDED ENTRY--TOPICAL TERM
Topical Term Globalization -- Social aspects.
650 ## - SUBJECT ADDED ENTRY--TOPICAL TERM
Topical Term Information technology -- Social aspects.
650 ## - SUBJECT ADDED ENTRY--TOPICAL TERM
Topical Term Democracy -- 21st century.
650 ## - SUBJECT ADDED ENTRY--TOPICAL TERM
Topical Term Critical thinking -- Study and teaching.
700 ## - ADDED ENTRY--PERSONAL NAME
Personal name Magalona, Erin Renee.
700 ## - ADDED ENTRY--PERSONAL NAME
Personal name Arlos, Aisa P.
942 ## - ADDED ENTRY ELEMENTS (KOHA)
Koha item type Books
Holdings
Source of acquisition Permanent Location Date acquired Koha item type Collection code Accession Number Lost status Shelving location Withdrawn status Current Location Full call number
SchoolCagayan State University - Carig Library2025-09-04BooksSocial Sciences011168 General Collection Cagayan State University - Carig Library303.4 M188 2022
SchoolCagayan State University - Carig Library2025-09-04BooksSocial Sciences011169 General Collection Cagayan State University - Carig Library303.4 M188 2022
SchoolCagayan State University - Carig Library2025-09-04BooksSocial Sciences011170 General Collection Cagayan State University - Carig Library303.4 M188 2022

Cagayan State University University Library, Carig Campus
Tuguegarao City, Cagayan 3500 | www.csucarig.edu.ph

Powered by Koha